| 000 | 00680nam a2200205Ii 4500 | ||
|---|---|---|---|
| 003 | JO-AjNU | ||
| 008 | 230605s9999||||xx |||||||||||||| ||und|| | ||
| 017 | _a2001/2/335 | ||
| 040 |
_aJO-AjNU _bara _erda _cJO-AjNU |
||
| 041 | _aara | ||
| 050 | 1 | 4 | _aRM300.S36 2001 |
| 100 | 3 |
_aسالم ، خالد محمد مصطفى , _eauthor _914050 |
|
| 245 | 0 | 0 | _aالادوية بالطب العربي (التداوي بالاعشاب والنباتات الطبية) |
| 264 | 3 | 1 | _aعمان:المؤلف, ، 2001 |
| 300 | _a260ص | ||
| 336 |
_atext _btxt _2rdacontent |
||
| 337 |
_aunmediated _bn _2rdamedia |
||
| 338 |
_avolume _bnc _2rdacarrier |
||
| 650 | 4 |
_aالطب العربي _914051 |
|
| 999 |
_aA3654 _c7222 _d7222 |
||